[Event "AUTO-ELITE-1187"]
[Site "http://www.queenalice.com/game.php?id=1204438"]
[Date "2013.8.1"]
[Round "1"]
[White "merth"]
[Black "chein"]
[Result "1-0"]
[WhiteElo "2556"]
[BlackElo "2185"]

1. e4 e5 2. Nf3 Nc6 3. Bb5 Nf6 4. O-O Nxe4 5. d4 exd4 6. Re1 d5 7. Qxd4 Be6 8.
c4 Qf6 9. cxd5 Qxd4 10. Nxd4 Bxd5 11. Bxc6+ bxc6 12. f3 Bc5 13. Be3 Nd6 14. Nxc6
Bxc6 15. Bxc5+ Kd7 16. Nd2 Rhe8 17. Red1 Re5 18. Bd4 Rg5 19. h4 Rh5 20. Bxg7
Rxh4 21. Kf2 Rg8 22. Be5 Re8 23. Bg3 Rh5 24. Nc4 Re6 25. Rac1 Ba4 26. Rd2 Bb5
27. Ne3 Bc6 28. b3 h6 29. a4 a5 30. Rc3 f6 31. Bf4 Ba8 32. Rd1 Bb7 33. Rdc1 c5
34. Rd1 1-0

[Event "AUTO-ELITE-1187"]
[Site "http://www.queenalice.com/game.php?id=1204443"]
[Date "2013.8.1"]
[Round "1"]
[White "merth"]
[Black "Cevapcic"]
[Result "1-0"]
[WhiteElo "2545"]
[BlackElo "2420"]

1. e4 e6 2. Nc3 d5 3. d4 Nf6 4. Bg5 Bb4 5. e5 h6 6. exf6 hxg5 7. fxg7 Rg8 8. h4
gxh4 9. Nf3 Qf6 10. Qd3 Nc6 11. a3 Be7 12. Nb5 Bd8 13. Rxh4 a6 14. Nc3 Be7 15.
Rh7 Rxg7 16. Rh8+ Bf8 17. Qe2 Nxd4 18. Nxd4 Qxd4 19. Rd1 Qg4 20. Qe3 c6 21. Rxd5
cxd5 22. Nxd5 Qg5 23. Qxg5 Rxg5 24. Nc7+ Ke7 25. Nxa8 Bd7 26. c3 1-0

[Event "AUTO-ELITE-1187"]
[Site "http://www.queenalice.com/game.php?id=1204444"]
[Date "2013.8.1"]
[Round "1"]
[White "Cevapcic"]
[Black "merth"]
[Result "0-1"]
[WhiteElo "2415"]
[BlackElo "2550"]

1. d4 Nf6 2. c4 g6 3. Nc3 Na6 4. e4 d6 5. Nf3 c5 6. Be2 cxd4 7. Nxd4 Bg7 8. Be3
Nc5 9. f3 O-O 10. O-O Bd7 11. Qd2 a6 12. b4 Na4 13. Nxa4 Bxa4 14. Rfc1 Qc7 15.
Rc3 d5 16. exd5 a5 17. a3 e6 18. dxe6 Nh5 19. exf7+ Rxf7 20. c5 Be5 21. g3 Nxg3
22. Bc4 Nh5 23. Re1 Ng7 0-1

[Event "AUTO-ELITE-1187"]
[Site "http://www.queenalice.com/game.php?id=1240281"]
[Date "2013.12.15"]
[Round "2"]
[White "MrGreen"]
[Black "merth"]
[Result "1/2-1/2"]
[WhiteElo "2584"]
[BlackElo "2557"]

1. Nf3 Nf6 2. d4 d5 3. c4 e6 4. Nc3 Nc6 5. e3 Bd6 6. a3 O-O 7. c5 Be7 8. Bd3 a5
9. O-O h6 10. h3 b6 11. cxb6 cxb6 12. Bd2 Ba6 13. Bxa6 Rxa6 14. Rc1 Ra8 15. Qb3
Na7 16. Rc2 Rc8 17. Rfc1 Bd6 18. a4 Rc4 19. Ne1 Qb8 20. Nd3 Rfc8 21. Be1 Ne8 22.
f3 b5 23. axb5 Nxb5 24. Na4 Na3 25. Qxb8 Rxb8 26. Rxc4 Nxc4 27. Kf2 Nc7 28. Ke2
Na6 29. Ra1 g5 30. Bc3 Rb5 31. Nc1 Bc7 32. Be1 Nb4 33. Bxb4 Rxb4 34. b3 Nd6 35.
Nc5 Rb5 36. N1d3 Nf5 37. g4 Nh4 38. Rc1 Bd6 39. Rc3 Kg7 40. Nd7 Rb7 41. N3c5 Rb4
1/2-1/2

[Event "AUTO-ELITE-1187"]
[Site "http://www.queenalice.com/game.php?id=1240282"]
[Date "2013.12.15"]
[Round "2"]
[White "merth"]
[Black "MrGreen"]
[Result "0-1"]
[WhiteElo "2573"]
[BlackElo "2608"]

1. e4 e5 2. Nf3 Nc6 3. Bb5 Nd4 4. Nxd4 exd4 5. O-O c6 6. Bc4 Nf6 7. Re1 d6 8.
Qe2 Ng4 9. c3 Qb6 10. d3 Ne5 11. Na3 Be7 12. cxd4 Nxc4 13. Nxc4 Qxd4 14. Bd2 O-O
15. Bc3 Qc5 16. d4 Qg5 17. d5 Re8 18. Ne3 Bd7 19. dxc6 bxc6 20. Rad1 Bf8 21. Qc4
Rad8 22. b3 Re6 23. Qd4 a6 24. f3 Rde8 25. Qa7 Bc8 26. Rd3 Rg6 27. Rd2 d5 28.
exd5 cxd5 29. f4 Qh6 30. Rf1 Re7 31. Qd4 Re4 32. Qd3 Qh3 33. Bd4 Bb7 34. Qc3 Qd7
35. f5 Rc6 36. Qa5 Rc8 37. Rdd1 f6 38. Rf2 Bd6 39. Nxd5 Qe8 40. h3 Bb8 41. Ne3
Rxd4 42. Rxd4 Qxe3 43. Rd8+ Kf7 44. Rxc8 Bxc8 45. Qd5+ Ke7 46. Kf1 Qc1+ 47. Ke2
Bd7 48. a4 Be5 49. Qd1 Qc5 50. Kf1 a5 51. Rc2 Qe3 52. Qf3 Qxf3+ 53. gxf3 Bxf5
54. Rc5 Bxh3+ 55. Ke2 h5 56. Rxa5 h4 57. Rd5 Be6 58. Rb5 h3 59. Kf1 Kd6 60. Rb6+
Kd7 61. Rb7+ Bc7 62. Rb5 Kc6 63. Rh5 h2 64. b4 Bd5 65. Kg2 g5 66. Rh7 Be5 0-1

[Event "AUTO-ELITE-1262"]
[Site "http://www.queenalice.com/game.php?id=1243891"]
[Date "2013.12.30"]
[Round "1"]
[White "sidneyjmg"]
[Black "merth"]
[Result "1/2-1/2"]
[WhiteElo "2454"]
[BlackElo "2558"]

1. e4 c5 2. Nf3 e6 3. Nc3 Nc6 4. Bb5 Nd4 5. O-O Ne7 6. Nxd4 cxd4 7. Ne2 a6 8.
Bd3 Nc6 9. c3 Bc5 10. b4 Ba7 11. cxd4 O-O 12. Qb3 Nxd4 13. Nxd4 Bxd4 14. Bb2
Bxb2 15. Qxb2 d6 16. Rfc1 Bd7 17. a4 h6 18. g3 Re8 19. Qd4 e5 20. Qd5 a5 21. Qb3
axb4 22. Qxb4 Bc6 23. Bb5 Qd7 24. Rcb1 Rec8 25. Kg2 b6 26. Bxc6 Rxc6 27. a5 Rxa5
28. Rxa5 bxa5 29. Qxa5 Qe6 30. Qa8+ Rc8 31. Qa6 Rc2 32. Qe2 Qa2 33. Rb8+ Kh7 34.
Qf3 Qe6 35. Rb7 Kg8 36. Qd3 Rc4 37. h4 Ra4 38. Rb5 Rd4 39. Qc2 Qd7 40. Rb8+ Kh7
41. d3 d5 42. Qb3 dxe4 43. dxe4 Rd3 44. Qb5 Qd4 45. Qb7 Qd6 46. Qb2 Rd2 47. Qb3
Qg6 48. Rb4 f6 49. Qc3 Rd8 50. Qf3 h5 51. Qe2 Qg4 52. f3 Qe6 53. f4 exf4 54.
gxf4 Kh6 55. Rb5 Qf7 56. f5 Qc7 57. Qe3+ Kh7 58. Rb2 Qf7 59. Qe2 Kg8 60. Rd2 Re8
61. Qf3 Rb8 62. Qe2 Qe8 63. Qf3 Rb4 64. Re2 Kh7 65. Kh3 Kg8 66. Re3 Rd4 67. Re2
Ra4 68. Kg2 Rd4 69. Qb3+ Kh7 70. Qf3 Ra4 71. Qe3 Kg8 72. Qb3+ Kh7 73. Qd3 Kg8
1/2-1/2

[Event "AUTO-ELITE-1262"]
[Site "http://www.queenalice.com/game.php?id=1243892"]
[Date "2013.12.30"]
[Round "1"]
[White "merth"]
[Black "sidneyjmg"]
[Result "1-0"]
[WhiteElo "2556"]
[BlackElo "2456"]

1. e4 e6 2. Nf3 d5 3. exd5 exd5 4. d4 Nf6 5. Bd3 Bd6 6. O-O O-O 7. Nc3 c6 8. h3
Re8 9. Re1 Rxe1+ 10. Qxe1 Na6 11. Bg5 Nb4 12. Bxf6 gxf6 13. Qd2 Nxd3 14. Qxd3
Bd7 15. Ne2 Qb6 16. b3 Re8 17. Ng3 Bxg3 18. fxg3 Re4 19. Qd2 Bf5 20. c3 Bg6 21.
Rf1 Qc7 22. g4 Kg7 23. Qf2 Qe7 24. b4 h6 25. Qd2 Re2 26. Re1 Rxe1+ 27. Qxe1
Qxe1+ 28. Nxe1 f5 29. gxf5 Bxf5 30. Kf2 Be4 31. Kg3 f6 32. Kf4 Kf7 33. a4 Ke6
34. Kg4 Bg6 35. Kf4 Be4 36. c4 h5 37. c5 Kf7 38. g3 Kg6 39. Nf3 Kf7 40. Nh2 Bc2
41. a5 Be4 42. h4 Bg6 43. g4 hxg4 44. Nxg4 Ke6 45. Ne3 Bd3 46. h5 a6 47. h6 Bb1
48. Kg4 Be4 49. Nf1 Bd3 50. Ng3 Kf7 51. Nf5 Kg6 52. Nd6 Kxh6 53. Nxb7 Kg6 54.
Nd6 f5+ 55. Kf3 Kf6 56. Kf4 Ke6 57. Kg5 Be4 58. b5 cxb5 59. Nxb5 Kd7 60. Nd6 Ke6
61. Ne8 Kd7 62. Ng7 Bd3 63. Nxf5 Ke6 64. Ng7+ Kf7 65. Nh5 Ke7 66. Nf6 Ke6 67. c6
Kd6 68. Nxd5 Be2 69. c7 Kd7 70. Kf4 Bd1 71. Ke3 Bb3 72. Ke4 Bc2+ 73. Ke5 Bb3 74.
Nb4 Bc4 75. c8=Q+ Kxc8 76. Kd6 Kd8 77. Kc5 Bf1 78. Kb6 Ke7 79. Nxa6 1-0

[Event "AUTO-ELITE-1262"]
[Site "http://www.queenalice.com/game.php?id=1243897"]
[Date "2013.12.30"]
[Round "1"]
[White "merth"]
[Black "quickstep"]
[Result "1-0"]
[WhiteElo "2562"]
[BlackElo "2438"]

1. e4 e6 2. Nf3 d5 3. exd5 exd5 4. d4 Bd6 5. c4 Nf6 6. Nc3 O-O 7. c5 Re8+ 8. Be2
Bf8 9. O-O Ne4 10. Re1 Nc6 11. Bf4 h6 12. h3 Nxc3 13. bxc3 Bf5 14. Bg3 Qd7 15.
Bb5 f6 16. Rxe8 Rxe8 17. Qb3 Bh7 18. Re1 Rxe1+ 19. Nxe1 a6 20. Be2 Nd8 21. Bg4
f5 22. Bf3 c6 23. Qb6 g5 24. Bc7 Ne6 25. Be5 Bg7 26. Nd3 f4 27. Bxg7 Kxg7 28.
Ne5 Qc7 29. Bg4 Qxb6 30. cxb6 Nd8 31. Nd7 Nf7 32. Nc5 Nd6 33. Bd7 Kf6 34. Nxb7
Nxb7 35. Bxc6 Nd8 36. Bxd5 Bd3 37. g3 fxg3 38. fxg3 Bb1 39. b7 Nxb7 40. Bxb7
Bxa2 41. Bxa6 Ke6 42. c4 Kd6 43. Kf2 Kc6 44. Bb5+ Kd6 45. Ke3 Ke6 46. c5 Bd5 47.
Be2 Bg2 48. Bg4+ Ke7 49. h4 1-0

[Event "AUTO-ELITE-1262"]
[Site "http://www.queenalice.com/game.php?id=1243898"]
[Date "2013.12.30"]
[Round "1"]
[White "quickstep"]
[Black "merth"]
[Result "0-1"]
[WhiteElo "2432"]
[BlackElo "2568"]

1. d4 Nf6 2. c4 e6 3. Nf3 Be7 4. Nc3 d5 5. Bg5 O-O 6. e3 h6 7. Bh4 b6 8. Bd3 Bb7
9. O-O c5 10. Qe2 Nc6 11. dxc5 Nb4 12. cxd5 bxc5 13. e4 exd5 14. exd5 Nxd3 15.
Qxd3 Nxd5 16. Bxe7 Nxe7 17. Ne5 Qd4 18. Rfe1 Nc6 19. Qxd4 cxd4 20. Nb5 Rad8 21.
Nd3 a6 22. Nc7 Rd7 23. Ne8 Ne7 24. Nc5 Rd5 25. Nxb7 Rxe8 26. b4 d3 27. Rad1 d2
28. Re2 Rc8 29. Nc5 Nc6 30. a3 a5 31. Rexd2 Rxd2 32. Rxd2 axb4 33. axb4 Nxb4 34.
Nb3 Rc3 35. Rd8+ Kh7 36. Nd2 Rc1+ 37. Nf1 Nc6 38. Rd6 Kg8 39. f4 Na5 40. Kf2 Nc4
41. Rd8+ Kh7 42. Ne3 Nxe3 43. Kxe3 Kg6 44. g3 f6 45. Rd7 Rc3+ 46. Rd3 Rc2 47. h3
Rh2 48. h4 Rc2 49. g4 h5 0-1

[Event "AUTO-ELITE-1494"]
[Site "http://www.queenalice.com/game.php?id=1358695"]
[Date "2015.5.10"]
[Round "1"]
[White "Maniusiek"]
[Black "merth"]
[Result "1-0"]
[WhiteElo "2410"]
[BlackElo "2537"]

1. e4 e5 2. Nf3 Nc6 3. Bc4 Bc5 4. b4 Bxb4 5. c3 Bd6 6. d4 Nf6 7. O-O O-O 8. Nbd2
h6 9. Re1 Re8 10. Qb3 Qe7 11. Bd3 Rb8 12. a4 b6 13. Nc4 Bb7 14. Bd2 Na5 15. Nxa5
bxa5 16. Qc2 Nh5 17. g3 Nf6 18. Nh4 Qf8 19. Nf5 Ba8 20. Re2 Rb6 21. f3 exd4 22.
cxd4 Bc5 23. dxc5 Rbe6 24. Rc1 Rb8 25. Bxa5 Ne8 26. Nd4 Re7 27. f4 d6 28. c6 g6
29. Qc4 Qg7 30. Bc3 Nf6 31. e5 dxe5 32. fxe5 Ne8 33. Rf1 a6 34. Qc5 1-0

[Event "AUTO-ELITE-1494"]
[Site "http://www.queenalice.com/game.php?id=1358696"]
[Date "2015.5.10"]
[Round "1"]
[White "merth"]
[Black "Maniusiek"]
[Result "0-1"]
[WhiteElo "2549"]
[BlackElo "2363"]

1. Nf3 d5 2. d4 Nf6 3. c4 c6 4. e3 Bf5 5. Nc3 e6 6. Nh4 Bg4 7. Qb3 Qb6 8. f3 Bh5
9. g4 Bg6 10. g5 Nfd7 11. Qxb6 Nxb6 12. c5 N6d7 13. Nxg6 hxg6 14. Kf2 b6 15.
cxb6 axb6 16. e4 b5 17. Bd3 Na6 18. Kg2 Nb6 19. a3 dxe4 20. fxe4 e5 21. dxe5 Nc5
22. Be2 b4 23. Na2 bxa3 24. bxa3 Ne6 25. Nc3 Be7 26. h4 Nd7 27. Bc4 Nxe5 28.
Bxe6 fxe6 29. a4 Nc4 30. Bf4 e5 31. Bg3 O-O-O 32. Bf2 Rd2 33. Ra2 Rhd8 34. Rha1
Bc5 35. Ne2 Bxf2 36. Kxf2 Rf8+ 37. Ke1 Rd7 38. a5 Rdf7 39. Kd1 Rf3 40. Rc1 Ne3+
41. Ke1 Kc7 42. Kd2 Rd8+ 43. Kc3 Nd1+ 44. Kc2 Re3 45. Nd4 Rc3+ 46. Kxd1 Rxd4+
47. Rd2 Rxd2+ 48. Kxd2 Rxc1 49. Kxc1 Kb7 50. Kd2 Ka6 51. Ke3 Kxa5 52. Kf3 c5 0-1

[Event "AUTO-ELITE-1494"]
[Site "http://www.queenalice.com/game.php?id=1358701"]
[Date "2015.5.10"]
[Round "1"]
[White "hjs"]
[Black "merth"]
[Result "0-1"]
[WhiteElo "2483"]
[BlackElo "2528"]

1. d4 Nf6 2. c4 g6 3. Nc3 d5 4. cxd5 Nxd5 5. e4 Nxc3 6. bxc3 Bg7 7. Qa4+ Nd7 8.
Nf3 c5 9. Be2 O-O 10. Be3 Nf6 11. Nd2 Ng4 12. Bxg4 Bxg4 13. Rc1 cxd4 14. cxd4
Qd7 15. Qb4 a5 16. Qb6 Rfc8 17. O-O Be2 18. Rfe1 Bd3 19. h3 a4 20. d5 Qb5 21.
Qxb5 Bxb5 22. Rc5 Bd3 23. Rec1 Rxc5 24. Rxc5 b5 25. d6 exd6 26. Rd5 Be2 27. Rxd6
b4 28. Rd5 b3 29. Nxb3 Bc4 30. Ra5 Rxa5 31. Nxa5 Bxa2 32. Bc5 Bb2 33. Nc6 Bb1
0-1

[Event "AUTO-ELITE-1494"]
[Site "http://www.queenalice.com/game.php?id=1358702"]
[Date "2015.5.10"]
[Round "1"]
[White "merth"]
[Black "hjs"]
[Result "1/2-1/2"]
[WhiteElo "2524"]
[BlackElo "2482"]

1. e4 e6 2. d4 d5 3. exd5 exd5 4. c4 Bb4+ 5. Bd2 Qe7+ 6. Be2 dxc4 7. Nf3 Be6 8.
O-O Bxd2 9. Nbxd2 Nf6 10. Bxc4 Bxc4 11. Nxc4 O-O 12. Qb3 c6 13. Na5 b6 14. Nc4
Qc7 15. Nce5 Nbd7 16. Rac1 Nxe5 17. Nxe5 c5 18. Nd3 Rab8 19. Rfd1 Nd7 20. dxc5
bxc5 21. Qd5 Qb7 22. Qxb7 Rxb7 23. b3 Rb5 24. Rc3 Re8 25. Kf1 1/2-1/2

[Event "AUTO-ELITE-1497"]
[Site "http://www.queenalice.com/game.php?id=1359898"]
[Date "2015.5.16"]
[Round "1"]
[White "FabioDavid"]
[Black "merth"]
[Result "0-1"]
[WhiteElo "2390"]
[BlackElo "2523"]

1. b3 e5 2. Bb2 Nc6 3. e3 Nf6 4. Bb5 e4 5. Ne2 a6 6. Bxc6 dxc6 7. c4 Be7 8. Nbc3
Bf5 9. Ng3 Bg6 10. Qc2 Qd3 11. Qxd3 exd3 12. f4 h5 13. f5 h4 14. fxg6 hxg3 15.
gxf7+ Kxf7 16. h3 b5 17. O-O Rh4 18. Rac1 bxc4 19. Na4 Bb4 20. Rcd1 cxb3 21.
axb3 Rb8 22. Bd4 Ba3 23. b4 Bxb4 24. Nb2 c5 25. Be5 c4 26. Bxg3 Re4 27. Bxc7 Rb5
28. Na4 Ke8 0-1

[Event "AUTO-ELITE-1497"]
[Site "http://www.queenalice.com/game.php?id=1359899"]
[Date "2015.5.16"]
[Round "1"]
[White "merth"]
[Black "FabioDavid"]
[Result "1-0"]
[WhiteElo "2535"]
[BlackElo "2407"]

1. e4 Nc6 2. d4 e5 3. d5 Nce7 4. Nf3 Ng6 5. Be3 Nf6 6. Bd3 Ng4 7. Bd2 Bc5 8. O-O
a6 9. b4 Ba7 10. h3 Nf6 11. c4 d6 12. Nc3 O-O 13. Ne2 Bd7 14. Qb3 h6 15. a4 Qc8
16. Kh2 a5 17. bxa5 Bc5 18. Rab1 b6 19. axb6 cxb6 20. Ra1 Re8 21. Bc2 Nh5 22.
Ne1 Nh4 23. f3 f5 24. Nd3 f4 25. Nxc5 bxc5 26. Rg1 Rf8 27. a5 Rb8 28. Qc3 Qd8
29. a6 Qg5 30. a7 Ra8 31. Be1 Ng3 32. Nxg3 fxg3+ 33. Bxg3 Ng6 34. Rgb1 1-0

[Event "AUTO-ELITE-1497"]
[Site "http://www.queenalice.com/game.php?id=1359904"]
[Date "2015.5.16"]
[Round "1"]
[White "merth"]
[Black "Maniusiek"]
[Result "1/2-1/2"]
[WhiteElo "2526"]
[BlackElo "2457"]

1. e4 e5 2. Nf3 Nc6 3. Bb5 Nf6 4. O-O Nxe4 5. d4 a6 6. Bxc6 dxc6 7. Re1 Nd6 8.
Bg5 Be7 9. Bxe7 Qxe7 10. Rxe5 Be6 11. Nbd2 Qd7 12. Nb3 b6 13. Ng5 Nc4 14. Re4
O-O 15. Nxe6 fxe6 16. Qe2 Nxb2 17. Re1 Rf6 18. Rxe6 Rxe6 19. Qxe6+ Qxe6 20. Rxe6
Rd8 21. Rxc6 a5 22. c3 Re8 23. h3 Re1+ 24. Kh2 Rd1 25. d5 Rxd5 26. Rxc7 Nd1 27.
c4 Rd3 28. c5 bxc5 29. Nxa5 Nxf2 30. Nc4 Rd1 31. a4 Ra1 32. a5 Nd3 33. Nd6 h6
34. Ra7 Kh8 35. Nf5 c4 36. Nxg7 Nb4 37. Ne8 Nd5 38. Nc7 Nxc7 39. Rxc7 Rxa5 40.
Kg3 Ra2 41. Rxc4 Kg7 42. Rg4+ Kh7 43. Kh4 Rb2 44. g3 Rb6 45. Rd4 Kg6 46. Rd3 h5
47. Rd4 Ra6 48. Rc4 Rb6 49. Re4 Ra6 50. Rd4 Rb6 51. Rc4 Ra6 1/2-1/2

[Event "AUTO-ELITE-1497"]
[Site "http://www.queenalice.com/game.php?id=1359905"]
[Date "2015.5.16"]
[Round "1"]
[White "Maniusiek"]
[Black "merth"]
[Result "1/2-1/2"]
[WhiteElo "2460"]
[BlackElo "2525"]

1. e4 c5 2. Nf3 e6 3. d3 Nc6 4. g3 Nf6 5. Bg2 Be7 6. O-O d5 7. Nbd2 O-O 8. Re1
Qc7 9. Qe2 h6 10. e5 Nd7 11. h4 b5 12. Nf1 Bb7 13. Bf4 a5 14. N1h2 a4 15. Ng4 a3
16. b3 Qb6 17. Bxh6 gxh6 18. Qe3 Nd4 19. Nxd4 cxd4 20. Qxh6 Qd8 21. f4 Ra6 22.
Bh3 Re8 23. Rf1 Bf8 24. Qh5 Qe7 25. f5 exf5 26. Rxf5 Bg7 27. Raf1 Rf8 28. Rg5
Rg6 29. Re1 Rb8 30. Rxg6 fxg6 31. Qxg6 Nf8 32. Nh6+ Kh8 33. Qh5 Bxh6 34. Qxh6+
Nh7 35. Qf4 Rg8 36. Kg2 Rg7 37. Qxd4 Nf8 38. Kh2 Ne6 39. Qe3 Kh7 40. d4 Rf7 41.
c3 Kg7 42. Re2 Bc6 43. Rf2 Bd7 44. Rf5 Rxf5 45. Bxf5 Nf8 46. Bc2 Ne6 47. Kg2 Nd8
48. Qf4 Nf7 49. Kf2 Qe6 50. Bd3 Qc6 51. h5 Qe6 52. Ke3 Qh3 53. c4 1/2-1/2

[Event "AUTO-ELITE-1497"]
[Site "http://www.queenalice.com/game.php?id=1375702"]
[Date "2015.8.5"]
[Round "2"]
[White "rheenz"]
[Black "merth"]
[Result "0-1"]
[WhiteElo "2563"]
[BlackElo "2552"]

1. d4 Nf6 2. c4 c5 3. d5 e6 4. Nf3 exd5 5. cxd5 d6 6. e4 a6 7. h3 Be7 8. Bd3 O-O
9. O-O b6 10. Bf4 Nbd7 11. a4 Bb7 12. Nc3 Qc7 13. Nd2 Ne5 14. Bxe5 dxe5 15. Nc4
Bc8 0-1

[Event "AUTO-ELITE-1497"]
[Site "http://www.queenalice.com/game.php?id=1375706"]
[Date "2015.8.5"]
[Round "2"]
[White "merth"]
[Black "Maniusiek"]
[Result "1-0"]
[WhiteElo "2542"]
[BlackElo "2619"]

1. e4 e5 2. Nf3 Nc6 3. Bb5 Nf6 4. O-O Nxe4 5. d4 a6 6. Bxc6 dxc6 7. Re1 Nd6 8.
Bg5 Be7 9. Bxe7 Qxe7 10. Rxe5 Be6 11. Nbd2 Qd7 12. Nb3 b6 13. Ng5 Nc4 14. Re4
O-O 15. Nxe6 fxe6 16. Qe2 Nxb2 17. Re1 Rf6 18. Rxe6 Rxe6 19. Qxe6+ Qxe6 20. Rxe6
Rd8 21. Rxc6 a5 22. c3 Re8 23. h3 Re1+ 24. Kh2 Rd1 25. d5 Rxd5 26. Rxc7 Nd1 27.
c4 Rd3 28. c5 bxc5 29. Nxa5 Nxf2 30. Nc4 Rd1 31. a4 Ra1 32. Nd6 g6 33. Ra7 Rd1
34. Nc4 Rc1 35. Ne3 Ne4 36. a5 Rc3 37. Nd5 Ra3 38. a6 g5 39. Re7 g4 40. hxg4 Nf2
41. Nf6+ Kf8 42. Rc7 Rxa6 43. g5 Nd3 44. Nxh7+ Ke8 45. Nf6+ Kf8 46. Kg3 Re6 47.
Nd7+ Ke8 48. Nxc5 Nxc5 49. Rxc5 Kf7 50. Kg4 Kg6 51. Rf5 Re4+ 52. Rf4 Re2 53.
Rf6+ 1-0

[Event "AUTO-ELITE-1497"]
[Site "http://www.queenalice.com/game.php?id=1375707"]
[Date "2015.8.5"]
[Round "2"]
[White "Maniusiek"]
[Black "merth"]
[Result "1/2-1/2"]
[WhiteElo "2625"]
[BlackElo "2540"]

1. e4 c5 2. g3 Nc6 3. Bg2 Nf6 4. d3 e5 5. Bg5 Be7 6. Ne2 d6 7. O-O O-O 8. Nbc3
Bg4 9. f3 Be6 10. f4 exf4 11. Nxf4 Bg4 12. Bf3 Bd7 13. Rb1 Ne5 14. Bg2 Re8 15.
Bxf6 Bxf6 16. Ncd5 Bg5 17. c3 Bc6 18. b4 b5 19. bxc5 dxc5 20. Qh5 Rc8 21. Rbd1
Bxf4 22. Rxf4 Bxd5 23. exd5 g6 24. Qe2 f5 25. Qb2 a6 26. c4 Qf6 27. Rf2 b4 28.
Rc2 Kf7 29. d4 Ng4 30. Rcc1 Ne3 31. Rd3 a5 32. Bf3 Qb6 33. Kf2 f4 34. Kg1 cxd4
35. Qxd4 Rxc4 36. Rxc4 Nxc4 37. d6 Qxd4+ 38. Rxd4 Nb6 39. Rxf4+ Ke6 40. Re4+ Kd7
41. Bg4+ Kd8 1/2-1/2

[Event "AUTO-ELITE-1726"]
[Site "http://www.queenalice.com/game.php?id=1437969"]
[Date "2016.8.27"]
[Round "1"]
[White "BEBADO"]
[Black "merth"]
[Result "1-0"]
[WhiteElo "2255"]
[BlackElo "2560"]

1. e4 e5 2. Nf3 Nf6 3. d4 Nxe4 4. Bd3 d5 5. Nxe5 Nd7 6. Nxd7 Bxd7 7. O-O Bd6 8.
Nc3 Nxc3 9. bxc3 O-O 10. Qh5 f5 11. Rb1 b6 12. c4 Qf6 13. c3 dxc4 14. Bxc4+ Be6
15. Bg5 1-0

[Event "AUTO-ELITE-1726"]
[Site "http://www.queenalice.com/game.php?id=1437970"]
[Date "2016.8.27"]
[Round "1"]
[White "merth"]
[Black "BEBADO"]
[Result "0-1"]
[WhiteElo "2546"]
[BlackElo "2276"]

1. e4 c5 2. Nf3 Nc6 3. Nc3 e6 4. Be2 a6 5. d4 cxd4 6. Nxd4 Qc7 7. O-O Nf6 8. Be3
Bb4 9. Nxc6 bxc6 10. Qd4 c5 11. Qc4 Bb7 12. a3 d5 13. exd5 exd5 14. Qf4 Qxf4 15.
Bxf4 Ba5 0-1